00947 2200313 4500001002100000005001500021035002000036007000300056008004100059020002200100082001000122084001600132100001900148245017000167250001000337260004000347300003400387700002700421700001900448700001800467700001800485700001800503700002500521700001400546504002500560600002600585990001100611990001100622INLIS00000000000331720190609084954 a0010-0619000066ta190609 g 0 ind  a978-602-446-202-4 a302.2 a302.2 DED k0 aDEDDY, Mulyana1 aKomunikasi Kesehatan :bPemikiran dan Penelitian /cDeddy Mulyana, Dadang Rahmat Hidayat, Siti Karlinah, Susanne Dida, Tine Silvana, Asep Suryan, Jenny Ratna Suminar acet.1 aBandung :bRemaja Rosdakarya,c2018 axii, 261 hlm :bilus ;c24 cm0 aDADANG, Rahmat Hidayat0 aSITI, Karlinah0 aSUSANNE, Dida0 aTINE, Silvana0 aASEP, Suryana0 aJENNY, Ratna Suminar0 aANANG, SW aBibliografi: 241-261 4aSOSIOLOGI. KOMUNIKASI a6770 a a6770 b